Peces marinos y estuarinos de Bahía Málaga, Valle del Cauca, Pacífico Colombiano (Registro nro. 16239)

Detalles MARC
000 -CABECERA
Campo de control 007270000a22002170004500
090 ## - CLASIFICACIÓN LOCAL
Colección AS
Consecutivo SERIADAS
041 0# - IDIOMA
Código de idioma para texto/pista de sonido o título separado
041 0# - IDIOMA
Código de idioma para texto/pista de sonido o título separado
044 ## - PAÍS DE PUBLICACIÓN
País de publicación
100 1# - ASIENTO PRINCIPAL--NOMBRE PERSONAL
Nombre personal Castellanos Galindo, Gustavo Adolfo
245 10 - MENCION DE TITULO
Título Peces marinos y estuarinos de Bahía Málaga, Valle del Cauca, Pacífico Colombiano
651 #4 - ASIENTO SECUNDARIO DE MATERIA - NOMBRE GEOGRAFICO
-- Colombia
-- Valle del Cauca
-- Bahía Málaga
700 1# - ASIENTO SECUNDARIO - NOMBRE PERSONAL
Nombre personal Caicedo Pantoja, Julián Alejandro
700 1# - ASIENTO SECUNDARIO - NOMBRE PERSONAL
Nombre personal Mejía Ladino, Luz Marina
700 1# - ASIENTO SECUNDARIO - NOMBRE PERSONAL
Nombre personal Rubio, Efraín
773 1# - Item fuente:
Título Biota Colombiana
Descripción física 2
Paginas del Articulo 263-282
Lugar, editorial y fecha de publicación 2006
Información sobre la relación 7
942 ## - ELEMENTOS ADICIONALES (KOHA)
Tipo de ítem Artículo

No hay ítems disponibles.